<?xml version="1.0" encoding="UTF-8"?><?xml-stylesheet type="text/xsl" href="static/style.xsl"?><OAI-PMH xmlns="http://www.openarchives.org/OAI/2.0/" xmlns:xsi="http://www.w3.org/2001/XMLSchema-instance" xsi:schemaLocation="http://www.openarchives.org/OAI/2.0/ http://www.openarchives.org/OAI/2.0/OAI-PMH.xsd"><responseDate>2026-04-13T07:25:26Z</responseDate><request verb="GetRecord" identifier="oai:www.recercat.cat:11351/6951" metadataPrefix="marc">https://recercat.cat/oai/request</request><GetRecord><record><header><identifier>oai:recercat.cat:11351/6951</identifier><datestamp>2025-10-24T07:47:10Z</datestamp><setSpec>com_2072_451667</setSpec><setSpec>com_2072_378040</setSpec><setSpec>col_2072_451668</setSpec></header><metadata><record xmlns="http://www.loc.gov/MARC21/slim" xmlns:dcterms="http://purl.org/dc/terms/" xmlns:xsi="http://www.w3.org/2001/XMLSchema-instance" xmlns:doc="http://www.lyncode.com/xoai" xsi:schemaLocation="http://www.loc.gov/MARC21/slim http://www.loc.gov/standards/marcxml/schema/MARC21slim.xsd">
   <leader>00925njm 22002777a 4500</leader>
   <datafield ind2=" " ind1=" " tag="042">
      <subfield code="a">dc</subfield>
   </datafield>
   <datafield ind2=" " ind1=" " tag="720">
      <subfield code="a">Testa, Giulia</subfield>
      <subfield code="e">author</subfield>
   </datafield>
   <datafield ind2=" " ind1=" " tag="720">
      <subfield code="a">Mora-Maltas, Bernat</subfield>
      <subfield code="e">author</subfield>
   </datafield>
   <datafield ind2=" " ind1=" " tag="720">
      <subfield code="a">Camacho-Barcia, Lucía</subfield>
      <subfield code="e">author</subfield>
   </datafield>
   <datafield ind2=" " ind1=" " tag="720">
      <subfield code="a">Granero, Roser</subfield>
      <subfield code="e">author</subfield>
   </datafield>
   <datafield ind2=" " ind1=" " tag="720">
      <subfield code="a">Lucas Adell, Ignacio</subfield>
      <subfield code="e">author</subfield>
   </datafield>
   <datafield ind2=" " ind1=" " tag="720">
      <subfield code="a">Agüera, Zaida</subfield>
      <subfield code="e">author</subfield>
   </datafield>
   <datafield ind2=" " ind1=" " tag="720">
      <subfield code="a">Fernández-Real, Jose Manuel</subfield>
      <subfield code="e">author</subfield>
   </datafield>
   <datafield ind2=" " ind1=" " tag="260">
      <subfield code="c">2022-02-01T13:55:16Z</subfield>
   </datafield>
   <datafield ind2=" " ind1=" " tag="260">
      <subfield code="c">2022-02-01T13:55:16Z</subfield>
   </datafield>
   <datafield ind2=" " ind1=" " tag="260">
      <subfield code="c">2021-12-10</subfield>
   </datafield>
   <datafield ind2=" " ind1=" " tag="520">
      <subfield code="a">Impulsivity; Compulsivity; Diabetes type 2</subfield>
   </datafield>
   <datafield ind2=" " ind1=" " tag="520">
      <subfield code="a">Impulsivitat; Compulsivitat; Diabetis tipus 2</subfield>
   </datafield>
   <datafield ind2=" " ind1=" " tag="520">
      <subfield code="a">Impulsividad; Compulsividad; Diabetes tipo 2</subfield>
   </datafield>
   <datafield ind2=" " ind1=" " tag="520">
      <subfield code="a">Impulsive and compulsive behaviors have both been observed in individuals with obesity. The co-occurrence of obesity and type 2 diabetes (T2D) is more strongly associated with impulsivity, although there are no conclusive results yet. A multidimensional assessment of impulsivity and compulsivity was conducted in individuals with obesity in the absence or presence of T2D, compared with healthy, normal-weight individuals, with highly impulsive patients (gambling disorders), and with highly compulsive patients (anorexia nervosa). Decision making and novelty seeking were used to measure impulsivity, and cognitive flexibility and harm avoidance were used for compulsivity. For impulsivity, patients with obesity and T2D showed poorer decision-making ability compared with healthy individuals. For compulsivity, individuals with only obesity presented less cognitive flexibility and high harm avoidance; these dimensions were not associated with obesity with T2D. This study contributes to the knowledge of the mechanisms associated with diabetes and its association with impulsive-compulsive behaviors, confirming the hypothesis that patients with obesity and T2D would be characterized by higher levels of impulsivity.</subfield>
   </datafield>
   <datafield ind2=" " ind1=" " tag="520">
      <subfield code="a">This manuscript and research were supported by grants from the Instituto de Salud Carlos III (ISCIII) (FIS PI14/00290, PI17/01167 and PI20/132) and (PI13/00462, PI16/00501, PI19/00576), by the SLT006/17/00246 grant, funded by the Department of Health of the Generalitat de Catalunya by the call “Acció instrumental de programes de recerca orientats en l’àmbit de la recerca i la innovació en salut” (PERIS) and co-funded by FEDER funds/European Regional Development Fund (ERDF), a way to build Europe. CIBERObn is an initiative of ISCIII. This research was also partially funded by EU-H2020 grants (Eat2beNICE/H2020-SFS-2016-2, Ref 728018; PRIME/H2020-SC1-BHC-2018-2020, Ref: 847879). CG-M receives a predoctoral grant from the University of Rovira i Virgili (2020PMFPIPF- 37). The funders had no role in the study design, data collection and analysis, decision to publish, or preparation of the manuscript.</subfield>
   </datafield>
   <datafield ind1="8" ind2=" " tag="024">
      <subfield code="a">http://hdl.handle.net/11351/6951</subfield>
   </datafield>
   <datafield tag="653" ind2=" " ind1=" ">
      <subfield code="a">Conducta compulsiva</subfield>
   </datafield>
   <datafield tag="653" ind2=" " ind1=" ">
      <subfield code="a">Diabetis</subfield>
   </datafield>
   <datafield tag="653" ind2=" " ind1=" ">
      <subfield code="a">PSYCHIATRY AND PSYCHOLOGY::Behavior and Behavior Mechanisms::Behavior::Impulsive Behavior</subfield>
   </datafield>
   <datafield tag="653" ind2=" " ind1=" ">
      <subfield code="a">DISEASES::Nutritional and Metabolic Diseases::Metabolic Diseases::Glucose Metabolism Disorders::Diabetes Mellitus::Diabetes Mellitus, Type 2</subfield>
   </datafield>
   <datafield tag="653" ind2=" " ind1=" ">
      <subfield code="a">PSIQUIATRÍA Y PSICOLOGÍA::conducta y mecanismos de la conducta::conducta::conducta impulsiva</subfield>
   </datafield>
   <datafield tag="653" ind2=" " ind1=" ">
      <subfield code="a">ENFERMEDADES::enfermedades nutricionales y metabólicas::enfermedades metabólicas::trastornos del metabolismo de la glucosa::diabetes mellitus::diabetes mellitus tipo II</subfield>
   </datafield>
   <datafield ind2="0" ind1="0" tag="245">
      <subfield code="a">Transdiagnostic Perspective of Impulsivity and Compulsivity in Obesity: From Cognitive Profile to Self-Reported Dimensions in Clinical Samples with and without Diabetes</subfield>
   </datafield>
</record></metadata></record></GetRecord></OAI-PMH>